000 00541nam a2200169Ia 4500
008 090201s9999 xx 000 0 und d
010 _aKPL-49755
040 _bमराठी
041 _aमराठी
082 _a9234
_b49755
100 _aगो ना दातार
245 _aकालिका मुर्ती
_cगो ना दातार
260 _c2004
_bश्रीराम बुक एजन्सी
300 _a495
_bमोठा
600 _aकालिका मुर्ती
942 _cBOOK
999 _c209762
_d209762